000 00492nam a2200193Ia 4500
001 15473
003 IN-NITTTR
005 20251114233146.0
008 251113s9999||||xx |||||||||||||| ||eng||
040 _beng
040 _cIN-NITTTR
041 _aeng
082 _a621.4021 B466T
100 _aBett, K. E.
245 0 _aThermodynamics for chemical engineers /
_cBett, K. E., Rowlinsin, J. S., Saville, G.
700 _a Rowlinsin, J. S.
700 _a Saville, G.
942 _2ddc
_cBK
999 _c18107
_d18107